Statistics for Every NBA teams most disappointing player in 2021-2022

Click here to take the quiz!

General Stats

  • This quiz has been taken 142 times
    (92 since last reset)
  • The average score is 6 of 30

Answer Stats

TeamPlayer% Correct
LALRussell Westbrook
62%
ATLJohn Collins
56%
SASZach Collins
56%
CHIPatrick Williams
52%
DENMichael Porter Jr.
29%
NYKJulius Randle
27%
CHAGordon Hayward
23%
MIAKyle Lowry
23%
LACReggie Jackson
22%
PORDamian Lillard
21%
MIND'Angelo Russell
20%
PHITobias Harris
20%
BKNBlake Griffin
18%
MEMDillon Brooks
17%
MILKhris Middleton
17%
UTAMike Conley
17%
CLECollin Sexton
16%
BOSDennis Schroder
15%
DETKillian Hayes
15%
DALTim Hardaway Jr.
13%
NOPDevonte Graham
10%
TORChris Boucher
5%
SACRichaun Holmes
5%
ORLTerrence Ross
5%
OKLAleksej Pokusevski
4%
GSWDamion Lee
4%
PHOJaVale McGee
4%
HOUKenyon Martin Jr.
4%
WASDeni Avdija
2%
INDGoga Bitadze
1%

Score Distribution

Percentile by Number Answered

Percent of People with Each Score

Your Score History

You have not taken this quiz since the last reset